Pokemon that contain the letter J - Statistics

General Stats
  • This quiz has been taken 176 times
  • The average score is 14 of 16
Answer Stats
Generation Type Pokemon % Correct
I Ice/Psychic Jynx
99%
II Grass/Flying Jumpluff
98%
I Normal/Fairy Jigglypuff
97%
I Electric Jolteon
96%
V Bug/Electric Joltik
95%
VII Dragon Jangmo-o
92%
III Bug/Ghost Shedinja
92%
VII Bug/Electric Charjabug
90%
V Water/Ghost Jellicent
90%
III Steel/Psychic Jirachi
89%
III Bug/Flying Ninjask
89%
VI Water/Dark Greninja
81%
VIII Steel Copperajah
73%
IX Dark/Flying Iron Jugulis
71%
IV Psychic/Fairy Mime Jr.
67%
VIII Rock Stonjourner
67%
No matching quizzes found
Score Distribution
Percent of People with Each Score
Percentile by Number Answered
Your Score History
You have not taken this quiz